University Home | Library Home | Institutional Repository

Jamaica Joe, (Record no. 136903)

MARC details
000 -LEADER
fixed length control field 00734cam9a220022900 4500
001 - CONTROL NUMBER
control field lce02384112
005 - DATE AND TIME OF LATEST TRANSACTION
control field 20190822125225.0
008 - FIXED-LENGTH DATA ELEMENTS--GENERAL INFORMATION
fixed length control field 770121s1962 jm 000 0 eng
010 ## - LIBRARY OF CONGRESS CONTROL NUMBER
LC control number 63023914
035 ## - SYSTEM CONTROL NUMBER
System control number (Sirsi) r9818
035 ## - SYSTEM CONTROL NUMBER
System control number (DLC) 63023914
035 ## - SYSTEM CONTROL NUMBER
System control number (UPRA)lce02384112
040 ## - CATALOGING SOURCE
Original cataloging agency DLC
Transcribing agency IEN
Modifying agency DLC
050 00 - LIBRARY OF CONGRESS CALL NUMBER
Classification number PR6053.A45
Item number J3
100 1# - MAIN ENTRY--PERSONAL NAME
Personal name Cameron, Norman Eustace.
Linkage A10534.1
245 10 - TITLE STATEMENT
Title Jamaica Joe,
Remainder of title a play in three acts.
260 ## - PUBLICATION, DISTRIBUTION, ETC.
Place of publication, distribution, etc. [Brickdam? British Guiana]
Name of publisher, distributor, etc. De Souza's Printery
Date of publication, distribution, etc. [1962 or 3]
500 ## - GENERAL NOTE
General note Cover title.
500 ## - GENERAL NOTE
General note "First presented at Queen's College, Brickdam, on September 5th, 6th, 7th, 1946."
949 ## - LOCAL PROCESSING INFORMATION (OCLC)
a PR6053.A45
w lcc
i -1335
m MAIN
t BOOK
l ON-SHELF

No items available.

© 2026 - The University of Zambia Library - Koha v25.11